00824nam a2200217 i 4500001000700000003000900007005001700016007000300033008004100036080002500077100003700102245004800139250001500187260004900202300004100251600003700292651008600329852005000415999001900465952012200484105408ES-MaACL20240208063111.0t|060707s1962 mx f ||||1|dspa d a946"1931/39"(093.32)1 aMaura, Miguel,d1887-197197922010aAsí cayó Alfonso XIII / cMiguel Maura. a[1ª ed.]. aMéxico : b[s.n.], c1962 (fImp. Mañez) a350 p., [14] h. de lám. ; c22 cm.14aMaura, Miguel,d1887-1971979220 4aEspaña-xHistoria-y1930-1931, Gobierno Berenguer-vRelatos personales.9140742 aES-MaACLjAND-203 z- Biblioteca Juan Andrade c105408d105408 00104070aATENEOMbATENEOMcDEPO2d2008-01-17eSCl0oAND-203p1110043r2023-02-23 00:00:00w2023-02-23yMONOGRAFIA